Memòria 1980 / Patronat Flor de Maig
Descripción Física:
30 cm
Materias:
Patronat Flor de Maig
MARC
| LEADER | 00000nam a2200000Ia 4500 | ||
|---|---|---|---|
| 001 | 16724 | ||
| 008 | 160829s9999 xx 000 0 cat d | ||
| 080 | |a M-5-72 | ||
| 110 | |9 4512 |a Patronat Flor de Maig | ||
| 245 | |a Memòria 1980 / Patronat Flor de Maig | ||
| 260 | |a Barcelona : |b Diputació de Barcelona ; Cerdanyola del Vallès : |b el Patronat, [1981?] | ||
| 300 | |a 30 cm | ||
| 610 | 0 | |9 4512 |a Patronat Flor de Maig | |
| 710 | 1 | |a Barcelona (Catalunya : Província). |b Diputació |9 52408 | |
| 901 | |a Arxiu | ||
| 942 | |n 1 |2 udc | ||
| 952 | |0 0 |1 0 |4 0 |6 M572 |7 1 |9 44548 |a Arxiu |b Arxiu |d 2016-12-01 |l 0 |o M-5-72 |p 16724 |r 2016-12-01 00:00:00 |w 2016-12-01 |y ARXIU | ||
| 999 | |c 47129 |d 47129 | ||